| 000 | 00376cam a2200145ua 4500 | ||
|---|---|---|---|
| 041 |
_aeng _h |
||
| 082 |
_a923.2 _bABB/IN |
||
| 100 | _aAbbas, Khwaja Ahmad . | ||
| 245 |
_aIndira Gandhi : Return of the Red rose / _cKhwaja Ahmad Abbas. _hTextual Documents |
||
| 260 |
_a : _bPopular Prakashan , _c1966. |
||
| 300 | _a189 ; . | ||
| 504 | _a | ||
| 942 | _cBK | ||
| 999 |
_c764 _d764 |
||